000 00422nam a22001577a 4500
020 _a978935121623-0
082 _a823
_bWEL/W
100 _aWELLS, H.G
245 _aTHE WAR OF THE WORLDS
_bILLUSTRATED CLASSICS
246 _aTHE WAR OF THE WORLDS
_bILLUSTRATED CLASSICS
260 _aNEW DELHI
_bBPI INDIA PVT LTD
_c2017
300 _a144
520 _aILLUSTRATED CLASSICS
650 _aILLUSTRATED CLASSICS
942 _cBK
999 _c2827
_d2827